Thus Were They Hearing (Record no. 4531)

MARC details
000 -LEADER
fixed length control field 00663nam a2200241 a 4500
020 ## - INTERNATIONAL STANDARD BOOK NUMBER
ISBN
082 00 - DEWEY DECIMAL CLASSIFICATION NUMBER
Classification number 231.7
Author Cutter CRO
100 ## - MAIN ENTRY--AUTHOR NAME
Author name Crollius, Ary A Roest
245 ## - TITLE STATEMENT
Title Thus Were They Hearing
Sub title Word in the Experience of Revelation in Quran & Hin
260 ## - PUBLICATION, DISTRIBUTION, ETC. (IMPRINT)
Place of publication Roma
Name of publisher Universita Gregoriana Editrice
Year of publication 1974
300 ## - PHYSICAL DESCRIPTION
Number of Pages 269p
500 ## - GENERAL NOTE
General note includes index and biblioraphy
505 2# - FORMATTED CONTENTS NOTE
Formatted contents note Appendix
650 ## - SUBJECT ADDED ENTRY--TOPICAL TERM
Topical Term Comparative Religion-Revelation
942 ## - ADDED ENTRY ELEMENTS (KOHA)
Koha item type Books
700 1# -
-- Crollius, Ary A Roest
Holdings
Collection code Home library Current library Date acquired Cost, normal purchase price Full call number Accession Number Koha item type
  Henry Martyn Institute Library Henry Martyn Institute Library 06/15/2007 100.00 231.7 CRO 07326 Books
                   Copyright © 2026 | Henry Martyn Institute | Hyderabad | TS-500052 | INDIA | Implemented by hmi.edu.in
Hit-Count:

Powered by Koha